000 00470nam a22001697a 4500
001 45662
003 BD-DhUET
008 260425b xxu||||| |||| 00| 0 eng d
040 _c0
_dBD-DhUET
100 _aZareen Habiba Islam
245 _aEmbodied livability of marginalized women of Dhaka slums
260 _aDhaka
_bDepartment of Architecture, BUET
_c2025
300 _axv,389p.
501 _aOne CD-ROM
504 _aIncludes bibliographies
942 _cTH
999 _c45662
_d45662